000 00330nam a2200097Ia 4500
008 180130s9999 xx 000 0 und d
245 _cSproule, John
_aThe importance of a coaching philosophy
260 _c2015
300 _aBook title: Practical sports coaching--Acession number C20229; pages 54-68
650 _aCOACHING (ATHLETICS)
999 _c354565
_d354565